000 00687nam a2200229Ia 4500
003 OSt
005 20220923213452.0
006 a|||||r|||| 00| 0
007 ta
008 220922b |||||||| |||| 00| 0 hin d
024 _a162,229
037 _cTextual
040 _aARTS
_cARTS
_bhin
041 _2hin
_ahin
082 _aO152:2N08x, J8(-)
100 _aभारद्वाज, कृष्णदत्त
_9156299
245 0 _aचार अभिनव एकांकी
246 _aChār abhinav ekāankī
260 _c1958
942 _hO152:2N08x, J8(-)
_cTEXL
_2CC
999 _c316730
_d316730